ՀՀ Գիտությունների ազգային ակադեմիայի հիմնարար գիտական գրադարան  =   Fundamental Scientific Library of NAS RA

Плодоводство и ягодоводство : (Record no. 497501)

MARC details
000 -LEADER
fixed length control field 01097nam a2200241 u 4500
001 - CONTROL NUMBER
control field 000656804
003 - CONTROL NUMBER IDENTIFIER
control field AM-YeHGA
005 - DATE AND TIME OF LATEST TRANSACTION
control field 20250617162904.0
008 - FIXED-LENGTH DATA ELEMENTS--GENERAL INFORMATION
fixed length control field 090508s1959 ||||||||||||||||||||rus|c
040 ## - CATALOGING SOURCE
Original cataloging agency AM-YeHGA
041 0# - LANGUAGE CODE
Language code of text/sound track or separate title rus
090 ## - LOCALLY ASSIGNED LC-TYPE CALL NUMBER (OCLC); LOCAL CALL NUMBER (RLIN)
-- 500896
245 00 - TITLE STATEMENT
Title Плодоводство и ягодоводство :
Remainder of title Учебное пособие для подготовки и повышения квалификации массовых кадров по плодоводству и ягодоводству /
Statement of responsibility, etc. В.А. Колесников,В.П. Соболева, Г.П. Солопов и др.; Под ред. В.А. Колесникова.
250 ## - EDITION STATEMENT
Edition statement 3-е изд.
260 ## - PUBLICATION, DISTRIBUTION, ETC.
Place of publication, distribution, etc. Москва :
Name of publisher, distributor, etc. Госиздат сельскохоз. лит.,
Date of publication, distribution, etc. 1959.
300 ## - PHYSICAL DESCRIPTION
Extent 351 с. :
Other physical details ил. ;
Dimensions 20 см.
650 14 - SUBJECT ADDED ENTRY--TOPICAL TERM
Topical term or geographic name entry element Садоводство
650 14 - SUBJECT ADDED ENTRY--TOPICAL TERM
Topical term or geographic name entry element Плодовые культуры
650 14 - SUBJECT ADDED ENTRY--TOPICAL TERM
Topical term or geographic name entry element Ягодные культуры
700 1# - ADDED ENTRY--PERSONAL NAME
Personal name Колесников, В.А
Relator term авт.. ред.
Relationship aut
-- edt
700 1# - ADDED ENTRY--PERSONAL NAME
Personal name Соболева, В.П
700 1# - ADDED ENTRY--PERSONAL NAME
Personal name Солопов, Г.П
Holdings
Withdrawn status Lost status Source of classification or shelving scheme Damaged status Not for loan Collection Home library Current library Date acquired Total checkouts Full call number Barcode Date last seen Price effective from Koha item type Public note
    Universal Decimal Classification     General Fundamental Scientific Library Fundamental Scientific Library 27/08/2019   PII/13112 FL0588681 27/08/2019 27/08/2019 Գրքեր / Books 30 Days Loan


ՀՀ ԳԱԱ հիմնարար գիտական գրադարան
ՀՀ,Երևան 0019
Մարշալ Բաղրամյան 24/6
հեռախոս:(374-10) 52-47-50
Հետադարձ կապ

All site content, except where otherwise noted, is licensed under a
Creative Commons License